Bharatiya paryatan: Aarthik evam samajik sarokar (Record no. 18140)

MARC details
000 -LEADER
fixed length control field 00465nam a2200169Ia 4500
008 - FIXED-LENGTH DATA ELEMENTS--GENERAL INFORMATION
fixed length control field 230917s9999||||xx |||||||||||||| ||und||
020 ## - ISBN
Price RS950
040 ## - CATALOGING SOURCE
-- 231922
Original cataloging agency VIVEKANANDA LIBRARY
041 ## - Language
-- English
082 ## - DDC NUMBER
Classification number 338.4791 S41B
100 ## - MAIN ENTRY--PERSONAL NAME
Personal name Sujata Devi
245 #0 - TITLE STATEMENT
Title Bharatiya paryatan: Aarthik evam samajik sarokar
260 ## - PUBLICATION, DISTRIBUTION, ETC. (IMPRINT)
Place of publication, distribution, etc New Delhi
Name of publisher, distributor, etc Knowledge Book
Date of publication, distribution, etc 2015
300 ## - PHYSICAL DESCRIPTION
Pages vi, 208 p.
500 ## - GENERAL NOTE
General note 2282 10/02/2016 HBD15/1610 11/02/2016 IHTM (SFS)
942 ## - ADDED ENTRY ELEMENTS (KOHA)
Koha item type Books
Holdings
Withdrawn status Lost status Damaged status Not for loan Location (home branch) Sublocation or collection (holding branch) Shelving location Date acquired Koha issues (times borrowed) Koha full call number Accession No. Koha date last seen Koha item type
        VIVEKANANDA LIBRARY VIVEKANANDA LIBRARY IHTM Library 15/04/2016   338.4791 S41B 356767 17/09/2023 Books
© Designed and Maintained by Vivekananda Library, MDU Rohtak